| 000 | 00525nam a2200181Ia 4500 | ||
|---|---|---|---|
| 999 |
_c37134 _d37134 |
||
| 003 | OSt | ||
| 005 | 20201008123100.0 | ||
| 008 | 190216s9999||||xx |||||||||||||| ||und|| | ||
| 020 | _a9788131733349 | ||
| 040 | _coclc | ||
| 082 |
_a004 _bSOL/F |
||
| 100 |
_aSolutions, ITL Education _95472 |
||
| 245 | 0 |
_aFundamentals Of Computers / _cITL Education Solutions |
|
| 260 |
_bPearson Education, _c2011. _aNew Delhi: |
||
| 300 | _a500p | ||
| 650 | _aReferences | ||
| 942 |
_cREF _2ddc _h004 _iSOL/F _k004 _mSOL/F |
||